Random Countries on the Empty Map - Statistics

General Stats
  • This quiz has been taken 791 times
  • The average score is 17 of 20
Answers on the Map
Answers color-coded by a green-red scale on the quiz's map according to % correct below.
 
Answer Stats
Country % Correct
Argentina
100%
Australia
100%
Brazil
100%
Chile
100%
Democratic Republic of the Congo
100%
Denmark
100%
Finland
100%
France
100%
Iceland
100%
India
100%
Ireland
100%
Israel
100%
Italy
100%
Jordan
100%
Latvia
100%
Mexico
100%
Nepal
100%
Netherlands
100%
Pakistan
100%
Paraguay
100%
Philippines
100%
Russia
100%
Saudi Arabia
100%
Somalia
100%
South Africa
100%
South Sudan
100%
Sweden
100%
Turkey
100%
United States
100%
Uruguay
100%
Colombia
96%
Morocco
96%
Papua New Guinea
96%
Spain
96%
United Kingdom
96%
Uzbekistan
96%
Algeria
95%
Belgium
95%
Egypt
95%
Eritrea
95%
Madagascar
95%
Poland
95%
Vietnam
95%
Canada
94%
China
94%
Germany
94%
Guyana
94%
Kazakhstan
94%
Mongolia
94%
New Zealand
94%
Nigeria
94%
Taiwan
94%
Azerbaijan
93%
Belarus
93%
Cuba
93%
Greece
93%
Guinea
93%
Iran
93%
Niger
93%
South Korea
93%
Zimbabwe
93%
Croatia
92%
Indonesia
92%
Mauritania
92%
North Korea
92%
Norway
92%
Senegal
92%
Sri Lanka
92%
Benin
91%
Ethiopia
91%
Malawi
91%
Mozambique
91%
Panama
91%
Iraq
90%
Slovakia
90%
Bahamas
89%
Bolivia
89%
Burkina Faso
89%
Peru
89%
United Arab Emirates
89%
Cameroon
88%
Djibouti
88%
Lesotho
88%
Moldova
88%
Myanmar
88%
Nicaragua
88%
Portugal
88%
Serbia
88%
Georgia
86%
Libya
86%
Austria
85%
Cyprus
85%
Dominican Republic
85%
Laos
85%
Sudan
85%
Lithuania
84%
Tunisia
84%
Venezuela
84%
Cambodia
83%
Czech Republic
83%
Eswatini
83%
Ivory Coast
83%
Kenya
83%
Mali
83%
Switzerland
83%
Thailand
83%
Armenia
82%
Botswana
82%
Chad
82%
Japan
82%
Kosovo
82%
Suriname
82%
Ukraine
82%
Yemen
81%
Fiji
80%
Guinea-Bissau
80%
Malaysia
80%
Marshall Islands
80%
Mauritius
80%
Costa Rica
79%
Equatorial Guinea
79%
Ghana
79%
Oman
79%
Bulgaria
78%
North Macedonia
78%
Albania
76%
Angola
75%
Burundi
75%
Guatemala
75%
Honduras
75%
Maldives
75%
Montenegro
75%
Namibia
75%
Romania
75%
Seychelles
75%
Turkmenistan
75%
Bhutan
74%
Republic of the Congo
73%
Rwanda
73%
Tajikistan
73%
Afghanistan
71%
Ecuador
71%
Hungary
71%
Jamaica
71%
Tanzania
71%
Togo
71%
Central African Republic
70%
Bosnia and Herzegovina
69%
Estonia
67%
Liberia
67%
São Tomé and Príncipe
67%
Slovenia
67%
Syria
67%
Kiribati
65%
Kyrgyzstan
65%
Lebanon
64%
Tonga
64%
Uganda
63%
Comoros
62%
Federated States of Micronesia
61%
Gabon
60%
Sierra Leone
60%
El Salvador
57%
Zambia
57%
Cape Verde
55%
Palau
54%
Solomon Islands
54%
Bangladesh
53%
Belize
50%
Haiti
50%
Nauru
50%
Tuvalu
45%
Vanuatu
39%
Samoa
33%
No matching quizzes found
Score Distribution
Percent of People with Each Score
Percentile by Number Answered
Your Score History
You have not taken this quiz